Le parfait negociant : ou instruction générale pour ce qui regarde le commerce de route sorte de marchandises, taut de France, que des pays estrangers ... /

Bibliographic Details
Main Author: Savary, Jacques, 1622-1690
Format: Microform Book
Language:French
German
Published: A Genève : chez J. H. Widerhold, 1676.
Series:French language books in the 16th-18th centuries ; reel 3, item 1.
Subjects:

MARC

Tag First Indicator Second Indicator Subfields
LEADER 00000cam a2200000 i 4500
001 in00001312321
005 20151005060904.0
007 hd af||||||||
008 800423s1676 sz a 001 0 fre d
035 |a (OCoLC)06235455 
035 |9 AHB3471AM 
040 |a VPI  |c VPI  |d TXA  |d UtOrBLW 
041 0 |a fre  |a ger 
049 |a TXAI 
090 |a HF5641  |b .I48 1970 reel 3, item 1 
099 |a film A  |a 196  |a reel D-3  |a no.1 
100 1 |a Savary, Jacques,  |d 1622-1690. 
245 1 3 |a Le parfait negociant :  |b ou instruction générale pour ce qui regarde le commerce de route sorte de marchandises, taut de France, que des pays estrangers ... /  |c par le sieur Jacques Savary. 
264 1 |a A Genève :  |b chez J. H. Widerhold,  |c 1676. 
300 |a 2 volumes 
336 |a text  |b txt  |2 rdacontent 
337 |a microform  |b h  |2 rdamedia 
338 |a microfilm reel  |b hd  |2 rdacarrier 
500 |a French and German. 
500 |a Added title page: Der vollkommene Kauff- und Handelsmann ... 
500 |a Includes indexes. 
533 |a Microfilm.  |b London :  |c World Microfilm Publications,  |d 1970.  |e 1 reel ; 35 mm.  |f (Institute of Chartered Accountants in England and Wales, London. French language books in the 16th-18th centuries ; reel 3, item 1) 
500 |a Microform. 
650 0 |a Commerce  |v Early works to 1800. 
650 0 |a Business  |x Early works to 1800. 
651 0 |a France  |x Commerce  |x Early works to 1800. 
740 4 |a Der vollkommene Kauff- und Handelsmann ... 
830 0 |a French language books in the 16th-18th centuries ;  |v reel 3, item 1. 
999 |a MARS 
999 f f |s 5ff799eb-dd23-30a5-91db-3bf105b1be2b  |i e5dc6c24-1aab-3fc2-8598-1975be374ca2  |t 0 
952 f f |p default  |a Texas A&M University  |b College Station  |c Sterling C. Evans Library  |d Evans: Microforms (3rd floor)  |t 0  |e film A 196 reel D-3 no.1  |h Other scheme  |i microform -- microfilm reel 
998 f f |a film A 196 reel D-3 no.1  |t 0  |l Evans: Microforms (3rd floor)